000 00247nam a2200097Ia 4500
001 1075661
005 20250827002242.0
008 250824s9999 xx 000 0 und d
245 0 _aKEYFEKADER KAHVESİ
_cAYKUT ERTUĞRUL
260 _bKETEBE YAYINLARI
999 _c1075661
_d1075661